[Event "GER-chT Federal Cup (Women)"]
[Site "Braunfels"]
[Date "2021.10.21"]
[Round "1.37"]
[White "Rothenberg, Nina"]
[Black "Heil, Marina"]
[Result "1-0"]
[WhiteElo "1730"]
[BlackElo "1990"]
[PlyCount "85"]
[EventDate "2021.10.19"]
[EventType "team-tourn"]
[EventRounds "5"]
[EventCountry "GER"]
[SourceTitle "CBM 204 Extra"]
[Source "ChessBase"]
[SourceDate "2021.11.30"]
[SourceVersion "1"]
[SourceVersionDate "2021.11.30"]
[SourceQuality "1"]

1. e4 d6 2. Nc3 Nf6 3. g3 e5 4. Bg2 c6 5. d3 Be6 6. Nf3 h6 7. 0-0 Be7 8. d4 exd4 9. Nxd4 Bg4 10. Qd3 Nbd7 11. h3 Ne5 12. Qe3 Bd7 13. f4 Nc4 14. Qf2 Qc8 15. Kh2 h5 16. Qe2 Nb6 17. e5 dxe5 18. Re1 Kf8 19. Qxe5 Bd8 20. Nf3 Ng4+ 21. hxg4 hxg4+ 22. Nh4 Bf6 23. Qc5+ Kg8 24. Ne4 Bd8 25. Bd2 Nd5 26. Rad1 Bb6 27. Qa3 Qd8 28. Ng5 f6 29. Bxd5+ cxd5 30. Ne6 Qc8 31. Qe7 Rh7 32. Bc3 d4 33. Nxd4 g5 34. Qxf6 gxh4 35. Qg5+ Rg7 36. Qd5+ Kh7 37. Re5 Be8 38. Rde1 Bf7 39. Qe4+ Kg8 40. Nf5 Bg6 41. Ne7+ Rxe7 42. Qxg6+ Rg7 43. Re8+ 1-0

[Event "GER-ch U16 Girls"]
[Site "Willingen"]
[Date "2019.06.15"]
[Round "9"]
[White "Wagner, Victoria"]
[Black "Rothenberg, Nina"]
[Result "1/2-1/2"]
[WhiteElo "1808"]
[BlackElo "1653"]
[PlyCount "59"]
[EventDate "2019.06.08"]
[EventType "swiss"]
[EventRounds "9"]
[EventCountry "GER"]
[SourceTitle "CBM 191 Extra"]
[Source "ChessBase"]
[SourceDate "2019.09.30"]
[SourceVersion "1"]
[SourceVersionDate "2019.09.30"]
[SourceQuality "1"]

1. e4 e6 2. d4 d5 3. Nd2 Nf6 4. e5 Nfd7 5. Bd3 c5 6. c3 Nc6 7. Ne2 cxd4 8. cxd4 f6 9. exf6 Nxf6 10. 0-0 Bd6 11. Nf3 Qc7 12. h3 0-0 13. Be3 e5 14. dxe5 Nxe5 15. Nxe5 Bxe5 16. Qd2 Ne4 17. Bxe4 dxe4 18. Qd5+ Kh8 19. Rac1 Qd6 20. Qxd6 Bxd6 21. Bc5 Bxc5 22. Rxc5 Bd7 23. Ng3 Bc6 24. Re1 Rfe8 25. Rc2 Rad8 26. Rce2 h6 27. Nxe4 Rxe4 28. Rxe4 Bxe4 29. Rxe4 Rd1+ 30. Kh2 1/2-1/2

[Event "GER-ch U16 Girls"]
[Site "Willingen"]
[Date "2019.06.11"]
[Round "4"]
[White "Rothenberg, Nina"]
[Black "Muedder, Melanie"]
[Result "1/2-1/2"]
[WhiteElo "1653"]
[BlackElo "1912"]
[PlyCount "65"]
[EventDate "2019.06.08"]
[EventType "swiss"]
[EventRounds "9"]
[EventCountry "GER"]
[SourceTitle "CBM 191 Extra"]
[Source "ChessBase"]
[SourceDate "2019.09.30"]
[SourceVersion "1"]
[SourceVersionDate "2019.09.30"]
[SourceQuality "1"]

1. e4 c5 2. Nf3 Nc6 3. d4 cxd4 4. Nxd4 e5 5. Nb5 d6 6. c4 Be7 7. N5c3 Nf6 8. Bd3 0-0 9. 0-0 Nd7 10. Nd5 Bg5 11. Nbc3 Bxc1 12. Rxc1 Nf6 13. Bb1 Nxd5 14. exd5 Ne7 15. Kh1 Bf5 16. Bxf5 Nxf5 17. Qg4 Nd4 18. Qd1 Qh4 19. Qd3 Rac8 20. Ne2 Nxe2 21. Qxe2 Qd4 22. Rfd1 Qc5 23. Rd3 b5 24. Rdc3 Rb8 25. b3 bxc4 26. bxc4 Rfc8 27. Kg1 a5 28. Qd3 Qc7 29. Rb3 Rb4 30. Rxb4 axb4 31. Qb3 Qc5 32. g3 h6 33. Kg2 1/2-1/2

[Event "JBLN West 1819"]
[Site "Germany"]
[Date "2019.05.18"]
[Round "8.5"]
[White "Meyling, Lennart"]
[Black "Rothenberg, Nina"]
[Result "0-1"]
[WhiteElo "1960"]
[BlackElo "1679"]
[PlyCount "140"]
[EventDate "2018.09.23"]
[EventType "team-tourn"]
[EventRounds "9"]
[EventCountry "GER"]
[SourceTitle "EXT 2020"]
[Source "ChessBase"]
[SourceDate "2019.10.17"]
[SourceVersion "1"]
[SourceVersionDate "2019.10.17"]
[SourceQuality "1"]
[WhiteTeam "Hamburger SK U20"]
[BlackTeam "Uelzen Post U20"]
[WhiteTeamCountry "GER"]
[BlackTeamCountry "GER"]

1. d4 d5 2. c4 e6 3. Nc3 Nf6 4. Bg5 Be7 5. cxd5 exd5 6. Qc2 h6 7. Bh4 0-0 8. e3 b6 9. Nf3 c5 10. dxc5 bxc5 11. Rd1 Be6 12. Bc4 Nbd7 13. Nxd5 Nxd5 14. Bxd5 Bxd5 15. Bxe7 Qxe7 16. Rxd5 Rfc8 17. 0-0 Rc7 18. Rfd1 Nf6 19. Re5 Qf8 20. h3 c4 21. Nd4 a6 22. Ra5 Qb4 23. Ra4 Qb6 24. Rc1 Ne8 25. b3 cxb3 26. Qxc7 Nxc7 27. Rc6 Qb7 28. axb3 Ne6 29. Rc3 Rc8 30. Rxc8+ Qxc8 31. Nxe6 Qxe6 32. Ra5 Qb6 33. b4 Qxb4 34. Rxa6 Qe1+ 35. Kh2 Qxf2 36. Ra3 Kh7 37. Rb3 Kg6 38. Ra3 Kf6 39. Ra6+ Ke5 40. Ra7 Ke4 41. Re7+ Kd3 42. Kh1 Ke2 43. Re4 g5 44. Ra4 Qxe3 45. Ra2+ Kf1 46. Ra1+ Kf2 47. Ra2+ Kg3 48. Ra1 Qd3 49. h4 gxh4 50. Re1 Qd2 51. Re3+ Kg4 52. Re4+ Kf5 53. Rc4 Qd5 54. Rc3 Kg5 55. Re3 f5 56. Rc3 Kg4 57. Re3 Qd4 58. Rg3+ Kf4 59. Rf3+ Ke5 60. Ra3 Qd1+ 61. Kh2 Kf6 62. Rc3 Kg5 63. Re3 Kg4 64. Rc3 Qe1 65. Rc4+ f4 66. Rc8 Qg3+ 67. Kh1 h3 68. Rg8+ Kh4 69. Rxg3 fxg3 70. Kg1 hxg2 0-1

[Event "JBLN West 1819"]
[Site "Germany"]
[Date "2019.05.05"]
[Round "7.6"]
[White "Malinowsky, Levi"]
[Black "Rothenberg, Nina"]
[Result "0-1"]
[WhiteElo "1431"]
[BlackElo "1679"]
[PlyCount "122"]
[EventDate "2018.09.23"]
[EventType "team-tourn"]
[EventRounds "9"]
[EventCountry "GER"]
[SourceTitle "EXT 2020"]
[Source "ChessBase"]
[SourceDate "2019.10.17"]
[SourceVersion "1"]
[SourceVersionDate "2019.10.17"]
[SourceQuality "1"]
[WhiteTeam "Kiel Doppelbauer U20"]
[BlackTeam "Uelzen Post U20"]
[WhiteTeamCountry "GER"]
[BlackTeamCountry "GER"]

1. e4 e6 2. d4 d5 3. exd5 exd5 4. Qf3 Nf6 5. h3 Nc6 6. Be3 Bd6 7. Nc3 Be6 8. 0-0-0 a6 9. g4 Ne7 10. Bd3 h6 11. Nge2 Qd7 12. Qg2 Nh7 13. f4 f6 14. f5 Bf7 15. Bf4 0-0-0 16. Bxd6 Qxd6 17. Ng3 Nc6 18. Be2 Qf4+ 19. Kb1 Nxd4 20. Bxa6 bxa6 21. Rhf1 Qe3 22. Rd3 Qe5 23. Qf2 Nc6 24. Re1 Qd6 25. Nge4 Qb4 26. Nc5 d4 27. N3a4 Rhe8 28. Rxe8 Rxe8 29. c3 dxc3 30. Rxc3 Qd4 31. Qf1 Nb8 32. Nb6+ cxb6 33. Nb3+ Qxc3 34. bxc3 Re7 35. Nd4 Ng5 36. h4 Ne4 37. Qd3 Nc5 38. Qg3 Kb7 39. Qg2+ Ka7 40. Nc6+ Nxc6 41. Qxc6 Rd7 42. Qc8 Bd5 43. Qe8 Bf3 44. Qg6 Ne4 45. Kb2 Rc7 46. c4 Re7 47. g5 fxg5 48. hxg5 hxg5 49. Qh7 Nf6 50. Qh3 g4 51. Qg3 Ne4 52. Qh4 Rd7 53. Qe1 g3 54. Qg1 g2 55. a3 Nc5 56. f6 gxf6 57. Qe3 Rd1 58. Qe7+ Bb7 59. Qxf6 g1Q 60. Qf5 Qd4+ 61. Ka2 Qa1# 0-1

[Event "GER-chT U16"]
[Site "Aurich"]
[Date "2018.12.28"]
[Round "3.4"]
[White "Seref, Erdogan"]
[Black "Rothenberg, Nina"]
[Result "1/2-1/2"]
[WhiteElo "2015"]
[BlackElo "1696"]
[PlyCount "51"]
[EventDate "2018.12.27"]
[EventType "team-swiss"]
[EventRounds "7"]
[EventCountry "GER"]
[SourceTitle "CBM 188 Extra"]
[Source "ChessBase"]
[SourceDate "2019.02.26"]
[SourceVersion "1"]
[SourceVersionDate "2019.02.26"]
[SourceQuality "1"]
[WhiteTeam "Brackel"]
[BlackTeam "Uelzen Post"]
[WhiteTeamCountry "GER"]
[BlackTeamCountry "GER"]

1. e4 e6 2. d4 d5 3. Nd2 dxe4 4. Nxe4 Qd5 5. Ng3 Nc6 6. Nf3 b6 7. Be2 Bb7 8. 0-0 0-0-0 9. c4 Qd7 10. Be3 Nf6 11. Qb3 Ng4 12. Rad1 Nxe3 13. fxe3 Bd6 14. Ne4 Qe7 15. Nc3 g5 16. Ne1 g4 17. Qb5 h5 18. d5 Qh4 19. g3 Bxg3 20. hxg3 Qxg3+ 21. Ng2 Ne5 22. Ne4 Qh3 23. Ng5 Qg3 24. Ne4 Qh3 25. Ng5 Qg3 26. Ne4 1/2-1/2

[Event "GER-chT U16"]
[Site "Aurich"]
[Date "2018.12.27"]
[Round "1.4"]
[White "Goldbeck, Kilian"]
[Black "Rothenberg, Nina"]
[Result "0-1"]
[WhiteElo "1523"]
[BlackElo "1696"]
[PlyCount "76"]
[EventDate "2018.12.27"]
[EventType "team-swiss"]
[EventRounds "7"]
[EventCountry "GER"]
[SourceTitle "CBM 188 Extra"]
[Source "ChessBase"]
[SourceDate "2019.02.26"]
[SourceVersion "1"]
[SourceVersionDate "2019.02.26"]
[SourceQuality "1"]
[WhiteTeam "Aurich"]
[BlackTeam "Uelzen Post"]
[WhiteTeamCountry "GER"]
[BlackTeamCountry "GER"]

1. e4 e6 2. Nf3 d5 3. exd5 exd5 4. d4 Bd6 5. Nc3 c6 6. Be2 Bf5 7. Bg5 Qc7 8. 0-0 f6 9. Bd2 Nd7 10. Re1 0-0-0 11. h3 g5 12. a3 h5 13. b4 Ne7 14. b5 g4 15. bxc6 Qxc6 16. Nh4 gxh3 17. Nb5 Bb8 18. Bb4 h2+ 19. Kh1 Bg4 20. Bxe7 Rde8 21. Bxg4 hxg4 22. Qxg4 Qxb5 23. g3 Qc6 24. Bxf6 Qxf6 25. Rf1 Re4 26. Qf3 Qxf3+ 27. Nxf3 Re2 28. Rac1 Nf6 29. c4 dxc4 30. Rxc4+ Kd7 31. Rcc1 Ne4 32. Nxh2 Nxg3+ 33. Kg1 Nxf1 34. Kxf1 Re4 35. Kg2 Rxh2+ 36. Kf3 Rf4+ 37. Ke3 Rfxf2 38. d5 Bf4+ 0-1

[Event "GER-ch U25-B"]
[Site "Willingen"]
[Date "2018.05.26"]
[Round "9"]
[White "Reyher, Susan"]
[Black "Rothenberg, Nina"]
[Result "1/2-1/2"]
[WhiteElo "1614"]
[BlackElo "1709"]
[PlyCount "54"]
[EventDate "2018.05.19"]
[EventType "swiss"]
[EventRounds "9"]
[EventCountry "GER"]
[SourceTitle "CBM 184 Extra"]
[Source "ChessBase"]
[SourceDate "2018.06.28"]
[SourceVersion "1"]
[SourceVersionDate "2018.06.28"]
[SourceQuality "1"]

1. e4 d5 2. exd5 Nf6 3. Nc3 Nxd5 4. Nxd5 Qxd5 5. d4 Nc6 6. Be3 Bf5 7. Qd2 e6 8. c3 a5 9. Ne2 h6 10. Nf4 Qd7 11. Bb5 g5 12. d5 gxf4 13. dxc6 bxc6 14. Qxd7+ Kxd7 15. Bd4 Rg8 16. Bf1 Rb8 17. 0-0-0 Ke8 18. Be5 Bd6 19. Bxd6 cxd6 20. Rxd6 Be4 21. Rd4 Bxg2 22. Bxg2 Rxg2 23. Rxf4 Ke7 24. h3 Rbg8 25. Rf1 Rh2 26. Rh4 Rg6 27. Kc2 Rf6 1/2-1/2

[Event "GER-chT U14 Girls"]
[Site "Neumuenster"]
[Date "2017.12.29"]
[Round "6.1"]
[White "Rothenberg, Nina"]
[Black "Bardorz, Jana"]
[Result "1-0"]
[WhiteElo "1600"]
[BlackElo "1592"]
[PlyCount "63"]
[EventDate "2017.12.26"]
[EventType "team-swiss"]
[EventRounds "7"]
[EventCountry "GER"]
[SourceTitle "CBM 182 Extra"]
[Source "ChessBase"]
[SourceDate "2018.02.23"]
[SourceVersion "1"]
[SourceVersionDate "2018.02.23"]
[SourceQuality "1"]
[WhiteTeam "Harksheide"]
[BlackTeam "Neumarkt"]
[WhiteTeamCountry "GER"]
[BlackTeamCountry "GER"]

1. e4 e5 2. Nf3 Nc6 3. d4 exd4 4. Nxd4 Bc5 5. Be3 Qf6 6. c3 Nge7 7. Bc4 Ne5 8. Bb3 Qg6 9. 0-0 d6 10. f3 0-0 11. Nd2 Be6 12. Bc2 N5c6 13. Qe2 Qf6 14. N2b3 Bb6 15. Rad1 Ng6 16. f4 Bd7 17. Kh1 Rfe8 18. Qh5 Qe7 19. Rf3 Qh4 20. Qxh4 Nxh4 21. Rg3 Ng6 22. Bc1 a5 23. a4 Nce7 24. f5 Ne5 25. f6 N7g6 26. fxg7 Kxg7 27. Nf5+ Kh8 28. Nbd4 Ne7 29. Nxe7 Rxe7 30. Bg5 Ng6 31. Bf6+ Kg8 32. Bxe7 1-0

[Event "GER-ch U14 Girls"]
[Site "Willingen"]
[Date "2017.06.04"]
[Round "1"]
[White "Ruhmke, Rebecca"]
[Black "Rothenberg, Nina"]
[Result "0-1"]
[WhiteElo "1127"]
[BlackElo "1574"]
[PlyCount "118"]
[EventDate "2017.06.04"]
[EventType "swiss"]
[EventRounds "9"]
[EventCountry "GER"]
[SourceTitle "CBM 178 Extra"]
[Source "ChessBase"]
[SourceDate "2017.06.22"]
[SourceVersion "1"]
[SourceVersionDate "2017.06.22"]
[SourceQuality "1"]

1. e4 e6 2. Nc3 d5 3. exd5 exd5 4. d4 c6 5. Nf3 Bd6 6. Bd3 Ne7 7. 0-0 0-0 8. Re1 Qc7 9. g3 h6 10. Bf1 Bf5 11. b3 Nd7 12. a4 Rae8 13. Ba3 Bh7 14. Bh3 f5 15. Bxd6 Qxd6 16. Qd2 Nf6 17. Ne2 Ne4 18. Qf4 Qxf4 19. Nxf4 g5 20. Ne6 Rf6 21. Nc5 g4 22. Bg2 gxf3 23. Bxf3 b6 24. Nd3 Ng6 25. Bh5 Rff8 26. Re3 Nf6 27. Nf4 Rxe3 28. Bxg6 Re7 29. Rc1 Kg7 30. Bxh7 Kxh7 31. c4 Rfe8 32. Kf1 dxc4 33. Rxc4 Nd5 34. Rxc6 Nxf4 35. gxf4 Re6 36. Rc7+ R8e7 37. Rc3 Rd6 38. Kg2 Rxd4 39. Kg3 Rf7 40. h4 Kg6 41. Rc2 Rd3+ 42. Kg2 Rxb3 43. Ra2 Kh5 44. f3 Kxh4 45. Ra1 Rg7+ 46. Kf2 Rb2+ 47. Ke3 Re7+ 48. Kd3 Rb3+ 49. Kd4 Rxf3 50. Rh1+ Kg4 51. Rxh6 Rxf4+ 52. Kc3 Rxa4 53. Rg6+ Kf3 54. Kb3 Rg4 55. Rc6 Re3+ 56. Kb2 Rg2+ 57. Kb1 Re1+ 58. Rc1 Rxc1+ 59. Kxc1 Ke3 0-1

[Event "Lueneburg distr-ch U14/16/18"]
[Site "Tostedt"]
[Date "2015.10.20"]
[Round "3.2"]
[White "Rothenberg, Nina"]
[Black "Knuedel, Torben"]
[Result "0-1"]
[WhiteElo "1130"]
[BlackElo "1637"]
[PlyCount "70"]
[EventDate "2015.10.19"]
[EventType "swiss"]
[EventRounds "7"]
[EventCountry "GER"]
[SourceTitle "EXT 2019"]
[Source "ChessBase"]
[SourceDate "2018.10.10"]
[SourceVersion "1"]
[SourceVersionDate "2018.10.10"]
[SourceQuality "1"]

1. e4 d5 2. exd5 Nf6 3. d4 Nxd5 4. Bc4 Nc6 5. Nf3 Bg4 6. c3 e6 7. h3 Bh5 8. 0-0 Bd6 9. Re1 Nb6 10. Nbd2 Qd7 11. Bb5 a6 12. Bd3 Bg6 13. Bxg6 hxg6 14. Nb3 0-0-0 15. c4 Nxc4 16. Qc2 Nb6 17. Be3 Nb4 18. Qc3 N4d5 19. Qc2 Nxe3 20. Rxe3 Nd5 21. Rd3 Nb4 22. Qc4 Nxd3 23. Qxd3 Rh6 24. Qc4 Qb5 25. Qxb5 axb5 26. Nc5 Bxc5 27. dxc5 f6 28. Kf1 e5 29. Ke2 Rhh8 30. Ke3 Rd5 31. b4 Rhd8 32. Ke2 g5 33. g4 e4 34. Ne1 g6 35. Nc2 Rd2+ 0-1